01841 2200757 4500001002100000005001500021035002000036007000300056008004100059020002200100082001100122084001700133100002600150245012600176250001000302300003300312500003700345650003300382700002700415700003600442700002100478264003000499336002100529337003000550338002300580990001200603990001200615990001200627990001200639990001200651990001200663990001200675990001200687990001200699990001200711990001200723990001200735990001200747990001200759990001200771990001200783990001200795990001200807990001200819990001200831990001200843990001200855990001200867990001200879990001200891990001200903990001200915990001200927990001200939990001200951990001200963990001200975990001200987990001200999990001201011990001201023990001201035990001201047990001201059990001201071INLIS00000000000030320231030111844 a0010-1023000084ta231030 0 ind  a978-979-29-6511-7 a004.67 a004.67 PAT t0 aPatwiyantoePengarang1 aTeknologi Jaringan Berbasis Luas (WAN) SMK/MAK Kelas XI :bKompetensi Keahlian Teknik Komputer dan Jaringan /cPatwiyanto aed. 1 aix, 176 hlm :bilus ;c25 cm aKurikulum 2013 Edisi Revisi 2017 4aTeknik Komputer dan Jaringan0 aSri WahyuniePengarang0 aSumari Agus PrasetyoePengarang0 aTyasePenyunting aYogyakarta :bAndi,c2018 2rdacontentateks 2rdamediaatanpa perantara 2rdacarrieravolume a21.0838 a21.0839 a21.0840 a21.0841 a21.0842 a21.0843 a21.0844 a21.0845 a21.0846 a21.0847 a21.0848 a21.0849 a21.0850 a21.0851 a21.0852 a21.0853 a21.0854 a21.0855 a21.0856 a21.0857 a21.0858 a21.0859 a21.0860 a21.0861 a21.0862 a21.0863 a21.0864 a21.0865 a21.0866 a21.0867 a21.0868 a21.0869 a21.0870 a21.0871 a21.0872 a21.0873 a21.0874 a21.0875 a21.0876 a21.0877